Foundations of African traditional religions and worldview / (Record no. 11033)

MARC details
000 -LEADER
fixed length control field 00639cam a22002052 4500
001 - CONTROL NUMBER
control field 0000009393
005 - DATE AND TIME OF LATEST TRANSACTION
control field 20151217154412.0
008 - FIXED-LENGTH DATA ELEMENTS--GENERAL INFORMATION
fixed length control field 081014s xx 000 0 eng d
020 ## - INTERNATIONAL STANDARD BOOK NUMBER
International Standard Book Number 0866600515 :
Terms of availability KES 570
040 ## - CATALOGING SOURCE
Original cataloging agency KABU
Transcribing agency KABU
100 1# - MAIN ENTRY--PERSONAL NAME
Personal name Turaki, Yusufu.
-- 0000157887
245 10 - TITLE STATEMENT
Title Foundations of African traditional religions and worldview /
Statement of responsibility, etc. Yusufu Turaki.
260 ## - PUBLICATION, DISTRIBUTION, ETC. (IMPRINT)
Place of publication, distribution, etc. Nairobi :
Name of publisher, distributor, etc. IBS Africa,
Date of publication, distribution, etc. 2001.
300 ## - PHYSICAL DESCRIPTION
Extent vii, 203 p.
650 #0 - SUBJECT ADDED ENTRY--TOPICAL TERM
Topical term or geographic name as entry element Religions and culture
Geographic subdivision Africa.
-- 0000160689
651 #0 - SUBJECT ADDED ENTRY--GEOGRAPHIC NAME
Geographic name Africa
General subdivision Religions.
-- 0000160690
908 ## - PUT COMMAND PARAMETER (RLIN)
Put command parameter 081014
950 ## - LOCAL HOLDINGS (RLIN)
-- 1
Holdings
Withdrawn status Lost status Source of classification or shelving scheme Not for loan Home library Current library Date acquired Total Checkouts Full call number Barcode Date last seen Date last checked out Price effective from Koha item type
    Library of Congress Classification   Kabarak, Main Campus Kabarak, Main Campus 17/12/2015 5 BL2400 .T87 c. 1 15015 02/08/2024 14/05/2018 17/12/2015 General Collection
Designed with assistance from East African Informatics Ltd